000 01252nam a2200325Ia 4500
001 ebr10660257
003 CaPaEBR
006 m u
007 cr cn|||||||||
008 071129s2008 nyua sb 001 0 eng d
010 _z 2007049240
020 _z1604562064 (hardcover)
020 _z9781604562064 (hardcover)
020 _z9781608762514 (ebook)
040 _aCaPaEBR
_cCaPaEBR
035 _a(OCoLC)433665046
050 1 4 _aQD181.F1
_bL54 2008eb
082 0 4 _a546/.731
_223
245 0 0 _aLifetimes of fluorinated compounds
_h[electronic resource] /
_cKazuaki Tokuhashi ... [et al.].
260 _aNew York :
_bNova Science Publishers,
_cc2008.
300 _a137 p. :
_bill.
504 _aIncludes bibliographical references (p. [125]-131) and index.
533 _aElectronic reproduction.
_bPalo Alto, Calif. :
_cebrary,
_d2013.
_nAvailable via World Wide Web.
_nAccess may be limited to ebrary affiliated libraries.
650 0 _aFluorine compounds
_xResearch.
650 0 _aFluorides.
655 7 _aElectronic books.
_2local
700 1 _aTokuhashi, Kazuaki.
710 2 _aebrary, Inc.
856 4 0 _uhttp://site.ebrary.com/lib/rucke/Doc?id=10660257
_zAn electronic book accessible through the World Wide Web; click to view
999 _c170707
_d170707